Ecology and management of inland waters : (Record no. 27282)

000 -LEADER
fixed length control field 02635cam a2200289 i 4500
006 - FIXED-LENGTH DATA ELEMENTS--ADDITIONAL MATERIAL CHARACTERISTICS--GENERAL INFORMATION
fixed length control field m o d
007 - PHYSICAL DESCRIPTION FIXED FIELD--GENERAL INFORMATION
fixed length control field cr |n|||||||||
008 - FIXED-LENGTH DATA ELEMENTS--GENERAL INFORMATION
fixed length control field 200827t20202020ne ab ob 001 0 eng d
020 ## - INTERNATIONAL STANDARD BOOK NUMBER
International Standard Book Number 9780128142677
Qualifying information (R) (electronic bk.)
International Standard Book Number 0128142677
Qualifying information (R) (electronic bk.)
040 ## - CATALOGING SOURCE
Original cataloging agency YDX
Language of cataloging eng
Description conventions rda
-- pn
082 04 - DEWEY DECIMAL CLASSIFICATION NUMBER
Classification number 577.6309794
Edition number 23
100 1# - MAIN ENTRY--PERSONAL NAME
Personal name Los Huertos, Marc,
245 10 - TITLE STATEMENT
Title Ecology and management of inland waters :
Remainder of title a Californian perspective with global applications /
260 ## - PUBLICATION, DISTRIBUTION, ETC. (IMPRINT)
Place of publication, distribution, etc Singapore :
Name of publisher, distributor, etc Elsevier,
Date of publication, distribution, etc 2020.
300 ## - PHYSICAL DESCRIPTION
Extent 1 online resource (xlii, 502 pages) :
Other physical details illustrations, maps
504 ## - BIBLIOGRAPHY, ETC. NOTE
Bibliography, etc Includes bibliographical references (pages 467-471) and index.
505 0# - FORMATTED CONTENTS NOTE
Formatted contents note Part 1: Coevolving aquascapes: Coevolution of biota, geology, and climate -- Archeology of inland waters. -- Part 2: The ecological theater and the evolutionary play: The players : evolving aquatic species -- The rules : population growth and competition -- The roles : beyond competition -- The matrix : the physical and chemical properties of water -- The stage : typologies of aquatic systems -- The plot : community dynamics and trophic interactions. -- Part 3: Water in the Anthropocene: Developing and appropriating water -- Water quality and catchments -- Biogeochemistry and global change -- Conservation and restoration -- Crossing the divides : the mismatch between political and watershed boundaries -- Unfinished business : futures and inland waters.
520 ## - SUMMARY, ETC.
Summary, etc Ecology and Management of Inland Waters: A Californian Perspective with Global Applications presents the geologic history and physical characteristics of aquatic ecology. The author draws on his research from the inland waters of California and applies this to other areas, including Mediterranean climate systems, the tropics, and even South Africa. The endorheic basins covered in this text can be found in 30% of the US, including the Aral Sea, which is a fascinating case study that provides an important warning for other locations. The author also covers Zebra Mussels, which are set to soon be a permanent population in California. The book is authored by an expert in the field who covers a very wide and interdisciplinary subject area which brings a holistic view to this complex discipline. --
650 #0 - SUBJECT ADDED ENTRY--TOPICAL TERM
Topical term or geographic name as entry element Freshwater ecology
Geographic subdivision California.
Topical term or geographic name as entry element �Ecologie d'eau douce
Geographic subdivision Californie.
Topical term or geographic name as entry element Freshwater ecology
Source of heading or term fast
651 #7 - SUBJECT ADDED ENTRY--GEOGRAPHIC NAME
Geographic name California
Source of heading or term fast
776 08 - ADDITIONAL PHYSICAL FORM ENTRY
Display text Print version:
International Standard Book Number 0128142669
-- 9780128142660
Record control number (OCoLC)1108514194
856 40 - ELECTRONIC LOCATION AND ACCESS
Uniform Resource Identifier <a href="https://www.sciencedirect.com/science/book/9780128142660">https://www.sciencedirect.com/science/book/9780128142660</a>
942 ## - ADDED ENTRY ELEMENTS (KOHA)
Item type E-Book

No items available.

Designed and Maintained by IMU-KC Library, Kolkata Campus © Copyright All Rights Reserved

webs counters

Powered by Koha